LEADER 00883nam a2200229 i 4500 001 000000107483 003 CaOOAMICUS 005 20230912114837.0 008 161109s1990 it u000 u ita u 013 $a79742 040 $aSeMil$bita 100 1 $aBelloni, Luigi Mario.$0(OLS)http://semarc/name/32332 245 13$aIl San Benedetto in Val Perlana /$cLuigi Mario Belloni. 260 $aMenaggio :$bSampietro,$c1990. 300 $a145 p. :$bill. ;$c31 cm. 650 4$aVal Perlana - Monastero di San Benedetto.$0(OLS)http://semarc/subject/18868 850 $aSeMil 852 $aSeMil$W1$xVenegono$y1$m3P V 455$j63579$B63579$CSeMilBibl$Z2$F214560 $81 961 $aOmaggio: Giudici Ecc. Giovanni 996 $6245$aIl San Benedetto in Val Perlana$9(OLS)http://semarc/title/156036 996 $6260$aMenaggio :$bSampietro$9(OLS)http://semarc/publisher/44911 LEADER 00467naa a2200145 i 4500 001 000000301117 003 CaOOAMICUS 005 20180831172716.0 008 180831n xx u000 u und u 013 $a8840 040 $aSeMil$bita 100 1 $aMosher, F.A.$0(OLS)http://semarc/name/86310 245 13$aLe domande. 773 0 $tStudi sullo sviluppo cognitivo.$b2. ed. interamente riveduta.$dRoma : Armando, 1973.$w()35055 996 $6245$aLe domande$9(OLS)http://semarc/title/376602